• 首页
  • 本馆介绍
  • 公告通知
  • 最新文献
  • 馆藏检索
  • 电子资源
  • 读者导购
  • 参考咨询
  • 我的图书馆
  • 登录
  • 详细信息显示
  • 放入我的书架
  • 预约/预借图书
  • 作者相关作品
  • 分类相关作品
  • 丛书相关作品
  • 出版社相关作品

书目信息

  • 表格格式
  • 工作单格式
  • 卡片格式
题名:
奥尔里奇空间及其应用
    
 
作者: 吴从〓 , 王廷辅 著
分册:  
出版信息: 哈尔滨   黑龙江科学技术出版社  1983
页数: 461页
开本: 19cm
丛书名:
单 册:
中图分类: O177.3 , O177
科图分类:
主题词: 奥尔里契空间--应用 , 数学分析
电子资源:
ISBN:
000 00749nam0 2200277 45
001 0183012109
005 20040707085245.6
010    @dCNY2.30
091    @a13217.050
100    @a19950502d1983 em y0chiy0121 ea
101 0  @achi
102    @aCN@b230000
105    @ay z 000yy
106    @ar
200 10 @a奥尔里奇空间及其应用@Aao er li qi kong jian ji qi ying yong@f吴从〓, 王廷辅著
210    @a哈尔滨@c黑龙江科学技术出版社@d1983
215    @a461页@d19cm
606    @a奥尔里契空间@x应用
606 0  @a数学分析
690    @aO177.3@v3
690    @aO177@v3
701  0 @a吴从〓@Awu cong〓@4著
701  0 @a王廷辅@Awang ting fu@4著
801  0 @aCN@b上海图书馆@c20040524
801  2 @aCN@bNLC@c20040524
905    @dO177@e18@b120405@f1
    
    奥尔里奇空间及其应用/吴从〓, 王廷辅著.-哈尔滨:黑龙江科学技术出版社,1983
    461页;19cm
    
    
    ISBN :CNY2.30
    
●
相关链接 在E读中查询图书 在五车中查询图书 在当当中查询图书 在豆瓣中查询图书


正题名:奥尔里奇空间及其应用     索取号:O177/18         预约/预借

序号 登录号 条形码 馆藏地/架位号 状态 备注
1 0120402   001634100   第三借阅区/ [索取号:O177/18] 在馆    
2 0120403   001634137   第三借阅区/ [索取号:O177/18] 在馆    
3 0120404   001634146   第三借阅区/ [索取号:O177/18] 在馆    
4 0120405   001945541   第三借阅区/ [索取号:O177/18] 在馆    
5 0120406   001634093   第二样本阅览室/ [索取号:O177/18] 在馆    
唐山师范学院图书馆 欢迎您!
大连网信软件有限公司© 版权所有